000 00298nam a2200121Ia 4500
008 220204s9999 xx 000 0 und d
082 _a543.25
_bLIN
100 _aLingane, James J
245 0 _aElectroanalytical chemistry
250 _aEd.2
260 _aNew York
_bInterscience
_c1958
942 _cBK
999 _c19679
_d19679